Biographical Round- Up / (Record no. 187032)
[ view plain ]
| 000 -LEADER | |
|---|---|
| fixed length control field | 00902 a2200169 4500 |
| 003 - CONTROL NUMBER IDENTIFIER | |
| control field | Nust |
| 005 - DATE AND TIME OF LATEST TRANSACTION | |
| control field | 20230127122207.0 |
| 040 ## - CATALOGING SOURCE | |
| Transcribing agency | Nust |
| 082 ## - DEWEY DECIMAL CLASSIFICATION NUMBER | |
| Classification number | 920,CAR |
| 100 ## - MAIN ENTRY--PERSONAL NAME | |
| Personal name | Carnegie, Dale |
| 245 ## - TITLE STATEMENT | |
| Title | Biographical Round- Up / |
| Statement of responsibility, etc. | Dale Carnegie's |
| 260 ## - PUBLICATION, DISTRIBUTION, ETC. | |
| Place of publication, distribution, etc. | Bombay |
| Name of publisher, distributor, etc. | Vora & Co |
| 300 ## - PHYSICAL DESCRIPTION | |
| Extent | 192:p |
| 505 ## - FORMATTED CONTENTS NOTE | |
| Formatted contents note | George Berananard Shaw (Page-1), General James Doolittle (Page-6), Mark Twain (Page-21), Ely Culbertson (Page-43), Clark Gable (Page-52), general Claire Chennault (Page-58), Glenn L . Martin (Page-63), Lord Louis Mountbatten (Page-68), Bob Hope (Page-72), Jan Christian Smuts (Page-92), Admiral Chester W. Nimitz (Page-108), General Dwight Eisenhower (Page-123), Lowell Jackson Thomas (Page-128), Captain Edward (Page-133), Bing Crosby (Page-157), Lord Beaverbrook (Page-171), Henry j. Kaiser (Page-182), The Wright Brothers (Page-187). |
| 650 ## - SUBJECT ADDED ENTRY--TOPICAL TERM | |
| Topical term or geographic name entry element | Biography |
| 9 (RLIN) | 461 |
| 942 ## - ADDED ENTRY ELEMENTS (KOHA) | |
| Source of classification or shelving scheme | |
| Koha item type | Book |
| Withdrawn status | Lost status | Source of classification or shelving scheme | Damaged status | Not for loan | Permanent Location | Current Location | Shelving location | Date acquired | Full call number | Barcode | Date last seen | Price effective from | Koha item type | Public note |
|---|---|---|---|---|---|---|---|---|---|---|---|---|---|---|
| Military College of Signals (MCS) | Military College of Signals (MCS) | General Stacks | 12/12/2016 | 920,CAR | MCS29216 | 12/08/2016 | 12/12/2016 | Book | Almirah No.59, Shelf No.2 |
